000 00850nab a2200253 u 4500
001 16245
003 HDC
007 cr bn ---aaaaa
008 210220c20121112xx dr|noo 0 a eng d
040 _aHDC
100 _a Magolski, James
_eauthor
_916118
245 0 _aOpinion: How kosher harvesting affects meat quality / by
_cJames Magolski
260 _a[No place] :
_b[publisher not identified],
_c2012
336 _atext
_2rdacontent
337 _acomputer
_2rdamedia
338 _aonline resource
_2rdacarrier
650 _aMeat and Poultry
_916099
650 _aResearch
_93397
710 _aHalal Focus
856 _zRequest full-text at [email protected]
942 _2lcc
942 _cNEWS
942 _kNWSO 005657
999 _c13561
_d13561